| 000 | 00354nam a2200145 i 4500 | ||
|---|---|---|---|
| 001 | bg | ||
| 245 | 0 |
_aBeton und Stahlbeton : _bRussisch - Deutsch / _cN.N. Danilov [et al.]. |
|
| 260 |
_aBerlin, _c1963. |
||
| 700 | 1 | _aDANILOV, N. N. | |
| 040 | _cBPK | ||
| 041 | _apol | ||
| 080 | _a666.97/.98 | ||
| 942 | _cKS | ||
| 008 | s pl f |000 0 pol | ||
| 999 |
_c9034 _d9034 |
||
| 856 |
_uhttp://koha.tu.koszalin.pl/cgi-bin/koha/opac-detail.pl?biblionumber=9034 _yKatalog online BPK |
||